000 00731nam a2200265Ia 4500
005 20260121170505.0
008 008 260114s9999 xx 000 0 eng d
020 _a9783319700694
037 _aEBOOK
040 _aCRL
040 _beng
040 _cCRL
041 _2eng
041 _aeng
084 _qCRL
100 _aPatricia M. Glibert, Elisa Berdalet, Michele A. Burford, Grant C. Pitcher, Mingjiang Zhou
_91064531
245 0 _aGlobal Ecology and Oceanography of Harmful Algal Blooms
260 _bSpringer
260 _bSpringer
260 _c2018
856 _uhttps://link.springer.com/openurl?genre=book&isbn=978-3-319-70069-4
942 _cEBOOK
999 _c1630260
_d1630260